Dom smútku, Pezinok

Na minha lista:
Detalhes bibliográficos
Autor principal: Moravčík, Samuel (Author)
Outros Autores: Kusý, Martin (Thesis advisor)
Formato: Manuscrito Livro
Idioma:eslovaco
Publicado em: Bratislava 2023
Assuntos:
Acesso em linha:http://is.stuba.sk/zp/portal_zp.pl?podrobnosti=155690
Tags: Adicionar Tag
Sem tags, seja o primeiro a adicionar uma tag!

MARC

LEADER 00000ntm a22000003a 4500
001 stuzp94107
003 SK-STU
005 20231004101151.1
007 ta
008 150427s2015----xo-----f-mn---000-0-slo-d
040 |a STU  |b slo 
041 0 |a slo 
100 1 |a Moravčík, Samuel  |u 051110  |4 aut  |U FAD Fakulta architektúry a dizajnu  |T FAD Ústav architektúry obytných budov  |X 103621  |U A1110  |Y 392  |7 103621 
242 0 1 |a Funeral Hall, Pezinok  |y eng 
245 1 0 |a Dom smútku, Pezinok 
260 |c 2023  |a Bratislava 
650 4 |a dom smútku  |2 slo 
650 4 |a Pezinok  |2 slo 
650 4 |a cintorín  |2 slo 
650 4 |a tehla  |2 slo 
650 4 |a architektúra  |2 slo 
650 4 |a funeral hall  |2 eng 
650 4 |a Pezinok  |2 eng 
650 4 |a cemetery  |2 eng 
650 4 |a brick  |2 eng 
650 4 |a architecture  |2 eng 
700 1 |a Kusý, Martin  |u 051110  |k Z8  |4 ths  |U FAD Fakulta architektúry a dizajnu  |T FAD Ústav architektúry obytných budov  |X 3763  |U A1110  |Y 392  |7 A000003763 
856 4 |u http://is.stuba.sk/zp/portal_zp.pl?podrobnosti=155690  |u https://opac.crzp.sk/?fn=detailBiblioForm&sid=C03CB0FBA6588971D13C24D1B6BF